Métodos de investigación educativa: guía práctica

Gespeichert in:
Bibliographische Detailangaben
1. Verfasser: Bisquerra Alzina, Rafael (VerfasserIn)
Format: Buch
Sprache:Spanisch
Veröffentlicht: Barcelona CEAC 2000
Schriftenreihe:Colección Educación y Enseñanza. Serie Universitaria
Schlagworte:
Tags: Tag hinzufügen
Keine Tags, Fügen Sie den ersten Tag hinzu!

MARC

LEADER 00000nam a2200000 a 4500
001 UCN1108
003 CL-VaPUC
008 010420e20000000SP |||||||||||||||||spa|d
020 |a 8432992283 
082 0 4 |a 370.78  |b BIS  |2 21 
100 0 |a Bisquerra Alzina, Rafael  |e author  |9 456505 
245 1 0 |a Métodos de investigación educativa: guía práctica 
300 |a 382 p 
942 |c BK 
945 |d 20010420 00:00:00  |a cmena 
260 |a Barcelona  |b CEAC  |c 2000 
650 0 |a Investigación educacional   |9 261192 
650 0 |a Métodos de investigación   |9 262618 
650 0 |a Investigación científica  |9 259857 
650 0 |a Análisis de la información  |9 306986 
583 |a last modification  |c 20010420 00:00:00  |k Rodrigo Vera 
490 0 |a Colección Educación y Enseñanza. Serie Universitaria 
999 |c 294685  |d 294683 
952 |0 0  |1 0  |4 0  |6 370_780000000000000_BIS_2000  |7 0  |8 A  |9 347343  |a BIBEDU  |b BIBEDU  |c ES_NOD  |d 2019-11-20  |i 3716155  |l 1  |o 370.78 BIS 2000  |p 3716155  |r 2023-08-09  |s 2022-04-06  |w 2019-11-20  |y BK  |k LIT 
952 |0 0  |1 0  |4 0  |6 370_780000000000000_BIS_2000  |7 0  |8 A  |9 347344  |a BIBEDU  |b BIBEDU  |c ES_NOD  |d 2019-11-20  |i 4025989  |o 370.78 BIS 2000  |p 4025989  |r 2023-08-09  |w 2019-11-20  |y BK  |k EDI 
952 |0 0  |1 0  |4 0  |6 370_780000000000000_BIS_2000  |7 0  |8 A  |9 347345  |a BIBEDU  |b BIBEDU  |d 2019-11-20  |i 4025997  |o 370.78 BIS 2000  |p 4025997  |r 2019-11-20  |w 2019-11-20  |y BK  |k EDI